LEADER 00859nam a2200229 i 4500 001 000000166055 003 CaOOAMICUS 005 20071105000000.0 008 071105s1952 it u000 u ita u 013 $a143423 040 $aSeMil$bita 100 1 $aWaltari, Mika.$0(OLS)http://semarc/name/62606 245 12$aL'avventuriero :$bromanzo /$cMika Waltari. 260 $a[Milano] :$bGarzanti,$c1952. 300 $a453 p. ;$c24 cm. 490 0 $aIl Milione : grandi scrittori stranieri 830 3$aIl Milione : grandi scrittori stranieri.$0(OLS)http://semarc/title/24310 850 $aSeMil 852 $aSeMil$W1$xVenegono$y1$m1T VI 49$j248676$B117226$CSeMilBibl$Z2$F128032 $81 961 $aRecupero: Altro 996 $6245$aL'avventuriero :$bromanzo$9(OLS)http://semarc/title/237144 996 $6260$a[Milano] :$bGarzanti$9(OLS)http://semarc/publisher/31829 LEADER 01273nam a2200253 i 4500 001 000000043488 003 CaOOAMICUS 005 20090818000000.0 008 090818s1970 it u000 u ita u 013 $a14658 040 $aSeMil$bita 100 1 $aLonergan, Bernard J. F.,$c.$0(OLS)http://semarc/name/2591 245 10$aGrazia e libertà :$bla grazia operante nel pensiero di S. Tommaso /$cBernard J. F. Lonergan ; a cura di Natalino Spaccapelo ; presentazione di Giovanni B. Sala. 260 $aRoma :$bUniversità Gregoriana,$c1970. 300 $a216 p. ;$c22 cm. 650 4$aGrazia divina.$0(OLS)http://semarc/subject/229 650 4$aLibertà.$0(OLS)http://semarc/subject/2732 650 4$aGrazia - Concezione [di] Tommaso : d'Aquino.$0(OLS)http://semarc/subject/57317 700 1 $aSala, Giovanni B. .$0(OLS)http://semarc/name/17890 700 1 $aSpaccapelo, Natalino,$c.$0(OLS)http://semarc/name/19746 850 $aSeMil 852 $aSeMil$W1$xVenegono$y1$m2B II 314$j9643$B9643$CSeMilBibl$Z2$F9643 $81 996 $6245$aGrazia e libertà :$bla grazia operante nel pensiero di S. Tommaso$9(OLS)http://semarc/title/63923 996 $6260$aRoma :$bUniversità Gregoriana$9(OLS)http://semarc/publisher/31479